Az önellátó gazdálkodás korlátainak multidiszciplináris elemzése a rurális mélyszegénység esetében
A dolgozat a vidéki mélyszegénységre jellemző általános problémakört egy tevékenységre fókuszálva próbálja megragadni. Ez a tevékenység az önellátó gazdálkodás. Magyarorszá-gon több olyan program és kezdeményezés van, amelyik ezen keresztül próbálja összekapcsolni a méltányosság és hatékonyság eleme...
Elmentve itt :
| Szerző: | |
|---|---|
| Dokumentumtípus: | Könyv része |
| Megjelent: |
2015
|
| Sorozat: | Műhelytanulmányok
15 TDK műhelytanulmányok : „első szárnypróbáltatások” 15 |
| Kulcsszavak: | Önellátó gazdálkodás, Mélyszegénység |
| Tárgyszavak: | |
| Online Access: | http://acta.bibl.u-szeged.hu/57754 |
| LEADER | 02517naa a2200241 i 4500 | ||
|---|---|---|---|
| 001 | acta57754 | ||
| 005 | 20220110121848.0 | ||
| 008 | 190528s2015 hu o 0|| hun d | ||
| 020 | |a 978-963-306-416-0 | ||
| 022 | |a 2061-5353 | ||
| 040 | |a SZTE Egyetemi Kiadványok Repozitórium |b hun | ||
| 041 | |a hun | ||
| 100 | 2 | |a Méreiné Berki Boglárka | |
| 245 | 1 | 3 | |a Az önellátó gazdálkodás korlátainak multidiszciplináris elemzése a rurális mélyszegénység esetében |h [elektronikus dokumentum] / |c Méreiné Berki Boglárka |
| 260 | |c 2015 | ||
| 300 | |a 97-120 | ||
| 490 | 0 | |a Műhelytanulmányok |v 15 | |
| 490 | 0 | |a TDK műhelytanulmányok : „első szárnypróbáltatások” |v 15 | |
| 520 | 3 | |a A dolgozat a vidéki mélyszegénységre jellemző általános problémakört egy tevékenységre fókuszálva próbálja megragadni. Ez a tevékenység az önellátó gazdálkodás. Magyarorszá-gon több olyan program és kezdeményezés van, amelyik ezen keresztül próbálja összekapcsolni a méltányosság és hatékonyság elemeit a szegénység támogatása esetében. Kérdés azonban, hogy a hatékonyságot csupán gazdasági oldalról vizsgáljuk meg, vagy fontosak le-hetnek egyéb, ehhez szorosan nem kapcsolódó elemek is. A kutatás abból indul ki, hogy ezek az elemek meghatározó szerephez juthatnak egy ilyen program kapcsán. A dolgozat alapkérdése, hogy egyrészt melyek ezek az elemek, másrészt, hogy mit nevezünk hatékonyságnak. A szakirodalmi elemzésnél ebből kifolyólag több diszciplína releváns elméletei is bemutatásra kerülnek. Ezeknek az elméleteknek a kiválasztásánál fontos szempont volt, hogy problémaközpontúak legyenek, és egyértelmű párhuzamot vonhassunk közöttük és a bemutatott programok gyakorlatban megvalósult jellemzői között. A kutatás legfontosabb következtetései között szerepel, hogy a gazdasági hatékonyság a támogató programok esetében mérsékelt, viszont más megközelítésben jelentkezhetnek hosszú távú pozitív hatások. A következtetések között az is szerepel, hogy a multidiszciplináris elméletek és az empirikus kutatás összekapcsolása után mely tényezőket találtam egy ilyen támogatási program megvalósítása mögött meghatározónak. | |
| 650 | 4 | |a Társadalomtudományok | |
| 650 | 4 | |a Közgazdasági és gazdálkodástudományok | |
| 695 | |a Önellátó gazdálkodás, Mélyszegénység | ||
| 856 | 4 | 0 | |u http://acta.bibl.u-szeged.hu/57754/1/muhelytanulmanyok_015_097-120.pdf |z Dokumentum-elérés |